00994 a2200193 4500003000500000005001700005020001500022040000900037082001600046100002800062245005100090260002500141300001000166505042100176650003200597942002500629999001900654952012700673Nust20230209090021.0 a1850657114 cNust a954.035,HAR aHardiman, David9108752 aGandhi in His Time And Ours / cDavid Hardiman aLondonbHurst And Co a334:p aIntroduction : The Gandhi Dialogic (Page-1), An Incorporative Nationalism (Page-12), Dialogic Resistance (Page-39), An Alternative Modernity (Page-66), Father of the Nation (Page-94), Dalit and Adivasi Assertion (Page-123), Fighting Religious Hatreds (Page-156), Gandhi an Activism in India After Independence (Page-198), Gandhi’s Global Legacy (Page-238), The Moral Activists Lonely Path to Martyrdom (Page-294). aGandhi in His Time9108753 2ddccBKk954.035,HAR c187473d187473 00102ddc4070aMCSbMCScGENd2016-12-12o954.035,HARpMCS30992r2016-12-08w2016-12-12yBKzAlmirah No. 61, Shelf No. 5